<?xml version="1.0" encoding="UTF-8"?>
<record
    xmlns:xsi="http://www.w3.org/2001/XMLSchema-instance"
    xsi:schemaLocation="http://www.loc.gov/MARC21/slim http://www.loc.gov/standards/marcxml/schema/MARC21slim.xsd"
    xmlns="http://www.loc.gov/MARC21/slim">

  <leader>01238nam a2200253Ia 4500</leader>
  <controlfield tag="003">OSt</controlfield>
  <controlfield tag="005">20200714121406.0</controlfield>
  <controlfield tag="008">191128s1979    ck ad  gr     000 0 spa d</controlfield>
  <datafield tag="040" ind1=" " ind2=" ">
    <subfield code="a">CO-JMCR</subfield>
    <subfield code="c">CO-JMCR</subfield>
  </datafield>
  <datafield tag="041" ind1="0" ind2=" ">
    <subfield code="a">spa</subfield>
  </datafield>
  <datafield tag="082" ind1="0" ind2="4">
    <subfield code="a">330.986 / </subfield>
    <subfield code="b">F981e1 </subfield>
    <subfield code="2">23</subfield>
  </datafield>
  <datafield tag="110" ind1="1" ind2=" ">
    <subfield code="a">Colombia. Fundaci&#xF3;n para la Educaci&#xF3;n Superior y el Desarrollo</subfield>
    <subfield code="9">6948</subfield>
  </datafield>
  <datafield tag="245" ind1="1" ind2="3">
    <subfield code="a">La econom&#xED;a colombiana en la d&#xE9;cada de los ochentas /</subfield>
    <subfield code="c">Fundaci&#xF3;n para la Educaci&#xF3;n Superior y el Desarrollo</subfield>
  </datafield>
  <datafield tag="250" ind1=" " ind2=" ">
    <subfield code="a">Segunda edici&#xF3;n</subfield>
  </datafield>
  <datafield tag="260" ind1=" " ind2=" ">
    <subfield code="a">Bogot&#xE1; : </subfield>
    <subfield code="b">Fundaci&#xF3;n para la Educaci&#xF3;n Superior y el Desarrollo : Editorial Presencia,</subfield>
    <subfield code="c">1979.</subfield>
  </datafield>
  <datafield tag="300" ind1=" " ind2=" ">
    <subfield code="a">393 p&#xE1;ginas : </subfield>
    <subfield code="b">gr&#xE1;ficos a blanco y negro ; </subfield>
    <subfield code="c">23 cm.</subfield>
  </datafield>
  <datafield tag="505" ind1="0" ind2=" ">
    <subfield code="a">La econom&#xED;a colombiana en la d&#xE9;cada de los ochenta -- La poblaci&#xF3;n colombiana en la d&#xE9;cada de los ochenta -- Perspectivas ocupacionales -- Tendencias de la distribuci&#xF3;n del ingreso en la pr&#xF3;xima d&#xE9;cada</subfield>
  </datafield>
  <datafield tag="650" ind1="1" ind2="4">
    <subfield code="a">Predicciones econ&#xF3;micas </subfield>
    <subfield code="y">1980</subfield>
    <subfield code="z">Colombia </subfield>
    <subfield code="9">7185</subfield>
  </datafield>
  <datafield tag="650" ind1="2" ind2="4">
    <subfield code="a">Estad&#xED;sticas econ&#xF3;micas </subfield>
    <subfield code="y">1980</subfield>
    <subfield code="z">Colombia</subfield>
    <subfield code="9">7186</subfield>
  </datafield>
  <datafield tag="650" ind1="2" ind2="4">
    <subfield code="a">Indicadores econ&#xF3;micos </subfield>
    <subfield code="y">1980</subfield>
    <subfield code="z">Colombia</subfield>
    <subfield code="9">7187</subfield>
  </datafield>
  <datafield tag="650" ind1="2" ind2="4">
    <subfield code="a">Historia econ&#xF3;mica</subfield>
    <subfield code="y">1980</subfield>
    <subfield code="z">Colombia</subfield>
    <subfield code="9">7188</subfield>
  </datafield>
  <datafield tag="650" ind1="2" ind2="4">
    <subfield code="a">Condiciones econ&#xF3;micas</subfield>
    <subfield code="y">1980</subfield>
    <subfield code="z">Colombia</subfield>
    <subfield code="9">7189</subfield>
  </datafield>
  <datafield tag="942" ind1=" " ind2=" ">
    <subfield code="2">ddc</subfield>
    <subfield code="c">BK</subfield>
  </datafield>
  <datafield tag="999" ind1=" " ind2=" ">
    <subfield code="c">5562</subfield>
    <subfield code="d">5562</subfield>
  </datafield>
  <datafield tag="952" ind1=" " ind2=" ">
    <subfield code="0">0</subfield>
    <subfield code="1">0</subfield>
    <subfield code="2">ddc</subfield>
    <subfield code="3">Donaci&#xF3;n--15/04/2018--</subfield>
    <subfield code="4">0</subfield>
    <subfield code="7">0</subfield>
    <subfield code="a">CPL</subfield>
    <subfield code="b">CPL</subfield>
    <subfield code="c">GEN</subfield>
    <subfield code="d">2019-11-28</subfield>
    <subfield code="e">Donaci&#xF3;n</subfield>
    <subfield code="l">1</subfield>
    <subfield code="o">330.986 / F981e1 </subfield>
    <subfield code="p">430002221</subfield>
    <subfield code="r">2024-08-27 11:54:42</subfield>
    <subfield code="s">2024-08-27</subfield>
    <subfield code="t">Ej.1</subfield>
    <subfield code="w">2019-11-28</subfield>
    <subfield code="y">BK</subfield>
  </datafield>
</record>
